| 000 | 00409nam a2200157Ia 4500 | ||
|---|---|---|---|
| 005 | 20250514025010.0 | ||
| 008 | 240331s9999 xx 000 0 und d | ||
| 020 | _a13910620 | ||
| 082 |
_a208.2 _bBAL |
||
| 100 | _aBalasuriya, T | ||
| 245 | 0 | _aMariyahumiyasaha manawa wimukthiya | |
| 260 |
_aNo, 63 _bWumukthi Publication _c1996 |
||
| 300 | _a181 p ., | ||
| 500 | _aTranslation of Mary & Liberation | ||
| 942 | _cL | ||
| 999 |
_c814 _d814 |
||